000 00820nam a2200181 a 4500
008 080109s1982 ||||||||||||||||| || u
020 _a0471862142
050 _aTK 151 Fun
100 _aChang, Sheldon L
245 1 0 _aFundamentals handbook of electrical and computer engineering
_cedited by Sheldon S. L. Chang
260 _aNew York
_bJohn Wiley and Sons
_c1982
300 _aIn vols: ill.
350 _a0.00
650 _aELECTRIC ENGINEERING--HANDBOOKS, MANUALS, ETC
650 _aENGINEERING
995 _aMAIN LIBRARY OPEN ACCESS
_D0.00
_e714470
_FCBU-MAIN LIBRARY (Kitwe)
_H2
_I58.65
_jTK 151 FUN
_M2
_UAVAILABLE
_y015418
_ZMain Library Open Access Collection
995 _aMAIN LIBRARY OPEN ACCESS
_D0.00
_e713762
_FCBU-MAIN LIBRARY (Kitwe)
_H1
_I58.65
_jTK 151 FUN
_M1
_UAVAILABLE
_y015417
_ZMain Library Open Access Collection
999 _c63328
_d63328